000 00287nam a22001337a 4500
008 181016b xxu||||| |||| 00| 0 eng d
020 _a1560006994
041 _aeng
080 _a316
100 _a50
101 _aSOC
245 _aGender and Religion
_cSwatos,W.H
942 _2udc
_cBK
999 _c49819
_d49819